| 000 | 00544nam a22001697a 4500 | ||
|---|---|---|---|
| 003 | NUST-PNEC | ||
| 005 | 20170116180714.0 | ||
| 008 | 141016b xxu||||| |||| 00| 0 eng d | ||
| 020 | _a1403929688 | ||
| 040 | _cPNEC | ||
| 082 | _a001.4202 RAM | ||
| 245 |
_aA handbook of research process _cA Raman; Jayashree Nimmagadda |
||
| 260 |
_aDelhi : _bMacmillan India, _cc.2006 |
||
| 300 |
_aix, 172 p. : _bill. ; _c23 cm. |
||
| 500 | _ahttp://classify.oclc.org/classify2/ClassifyDemo?search-standnum-txt=1403929688%20&startRec=0 | ||
| 942 |
_2ddc _cBK |
||
| 999 |
_c61104 _d61104 |
||